000 00424cam a2200181 4500
001 D7001
008 090401t1980 xxu||||| |||| 00| 0 eng d
035 _a(Sirsi) u4560
041 _aeng
050 _a526.909689
100 _aMartin, C.G.C.
245 _aMaps and surveys of Malawi
260 _aRotterdam
_bA A Balkema
_c1980
300 _aix. 270p. ill. 28cm
350 _a23.5
942 _n0
948 _c04/03/1997
999 _c86040
_d86040